[Event "DVM U16 2022"]
[Site "Darmstadt GER"]
[Date "2022.12.28"]
[Round "3"]
[White "Bilovil, Bogdan"]
[Black "Fuhrmann, Bahne"]
[Result "0-1"]
[Termination "normal"]
[Board "4.1"]
[WhiteTitle "FM"]
[WhiteElo "2373"]
[BlackElo "2042"]
[WhiteClock "00:12:13"]
[BlackClock "00:17:36"]
[WhiteTeam "Rhedaer Schachverein von 1931 e. V."]
[BlackTeam "Hamburger SK von 1830 eV"]
[PlyCount "94"]
[WhiteFideId "14168766"]
[BlackFideId "16244842"]
[EventCountry "GER"]
[EventRounds "7"]
[EventType "team-swiss"]
[EventDate "2022.12.26"]

1. c4 {[%clk 1:30:42]} e6 {[%clk 1:28:58]} 2. Nf3 {[%clk 1:30:47]} d5 {[%clk
1:28:45]} 3. g3 {[%clk 1:31:09]} d4 {[%clk 1:28:46]} 4. Bg2 {[%clk 1:30:23]} c5
{[%clk 1:28:34]} 5. O-O {[%clk 1:28:19]} Nf6 {[%clk 1:28:22]} 6. e3 {[%clk
1:26:50]} Nc6 {[%clk 1:28:29]} 7. exd4 {[%clk 1:23:49]} cxd4 {[%clk 1:28:52]}
8. d3 {[%clk 1:23:03]} h6 {[%clk 1:28:57]} 9. Re1 {[%clk 1:19:47]} Nd7 {[%clk
1:29:03]} 10. Na3 {[%clk 1:18:27]} Bxa3 {[%clk 1:28:59]} 11. bxa3 {[%clk
1:18:56]} O-O {[%clk 1:28:17]} 12. Rb1 {[%clk 1:16:36]} e5 {[%clk 1:24:42]} 13.
a4 {[%clk 1:15:38]} Re8 {[%clk 1:20:19]} 14. Ba3 {[%clk 1:15:25]} Qc7 {[%clk
1:17:55]} 15. Nd2 {[%clk 0:48:17]} Nf6 {[%clk 1:16:35]} 16. Nb3 {[%clk
0:48:46]} Bf5 {[%clk 1:12:16]} 17. Nc5 {[%clk 0:48:00]} Rab8 {[%clk 0:59:07]}
18. Rb5 {[%clk 0:32:58]} Qc8 {[%clk 0:51:19]} 19. a5 {[%clk 0:26:48]} a6 {[%clk
0:43:48]} 20. Rb6 {[%clk 0:26:37]} Nd7 {[%clk 0:33:01]} 21. Nxd7 {[%clk
0:23:43]} Qxd7 {[%clk 0:33:19]} 22. Qb3 {[%clk 0:20:10]} Re6 {[%clk 0:29:14]}
23. Bd5 {[%clk 0:14:32]} Rf6 {[%clk 0:29:38]} 24. Qc2 {[%clk 0:11:45]} Bg4
{[%clk 0:25:33]} 25. Reb1 {[%clk 0:10:56]} Qc7 {[%clk 0:21:21]} 26. Kg2 {[%clk
0:08:17]} Kh7 {[%clk 0:20:12]} 27. f3 {[%clk 0:06:23]} Bf5 {[%clk 0:18:19]} 28.
Bc1 {[%clk 0:05:21]} Rg6 {[%clk 0:15:13]} 29. Bd2 {[%clk 0:04:44]} h5 {[%clk
0:15:30]} 30. Qb3 {[%clk 0:04:44]} Bc8 {[%clk 0:15:45]} 31. c5 {[%clk 0:03:27]}
Qd7 {[%clk 0:15:23]} 32. Be1 {[%clk 0:03:20]} h4 {[%clk 0:14:33]} 33. g4 {[%clk
0:01:28]} h3 {[%clk 0:12:04]} 34. Kf1 {[%clk 0:01:11]} f5 {[%clk 0:11:49]} 35.
gxf5 {[%clk 0:00:46]} Qxf5 {[%clk 0:11:42]} 36. Be4 {[%clk 0:01:08]} Qg5 {[%clk
0:12:06]} 37. Bxg6 {[%clk 0:01:08]} Qxg6 {[%clk 0:12:29]} 38. Bg3 {[%clk
0:01:23]} Be6 {[%clk 0:11:24]} 39. Qc2 {[%clk 0:00:38]} Rf8 {[%clk 0:11:29]}
40. Ke2 {[%clk 0:00:44]} e4 {[%clk 0:01:52]} 41. dxe4 {[%clk 0:00:46]} Ne5
{[%clk 0:28:49]} 42. R1b3 {[%clk 0:23:58]} Bxb3 {[%clk 0:24:45]} 43. Rxb3
{[%clk 0:24:22]} d3 {[%clk 0:23:20]} 44. Rxd3 {[%clk 0:24:47]} Nxd3 {[%clk
0:23:45]} 45. Qxd3 {[%clk 0:25:11]} Qg5 {[%clk 0:21:37]} 46. c6 {[%clk
0:11:45]} bxc6 {[%clk 0:19:20]} 47. Qxa6 {[%clk 0:12:13]} Qxg3 {[%clk 0:17:36]}
0-1

[Event "DVM U16 2022"]
[Site "Darmstadt GER"]
[Date "2022.12.28"]
[Round "3"]
[White "Kort, Felix"]
[Black "Kolkmann, Tom"]
[Result "1-0"]
[Termination "normal"]
[Board "4.2"]
[WhiteElo "1932"]
[BlackElo "1661"]
[WhiteClock "00:02:03"]
[BlackClock "00:21:36"]
[WhiteTeam "Hamburger SK von 1830 eV"]
[BlackTeam "Rhedaer Schachverein von 1931 e. V."]
[PlyCount "75"]
[WhiteFideId "16220129"]
[BlackFideId "34607013"]
[EventCountry "GER"]
[EventRounds "7"]
[EventType "team-swiss"]
[EventDate "2022.12.26"]

1. d4 {[%clk 1:30:55]} d5 {[%clk 1:30:53]} 2. c4 {[%clk 1:31:19]} e6 {[%clk
1:31:14]} 3. Nc3 {[%clk 1:31:43]} Nf6 {[%clk 1:31:36]} 4. cxd5 {[%clk 1:32:07]}
exd5 {[%clk 1:32:00]} 5. Bg5 {[%clk 1:32:32]} Be7 {[%clk 1:32:12]} 6. e3 {[%clk
1:32:55]} c6 {[%clk 1:32:29]} 7. Bd3 {[%clk 1:33:18]} Be6 {[%clk 1:32:22]} 8.
Nge2 {[%clk 1:30:43]} h6 {[%clk 1:32:16]} 9. Bh4 {[%clk 1:30:30]} Nbd7 {[%clk
1:32:33]} 10. O-O {[%clk 1:26:10]} Nb6 {[%clk 1:32:44]} 11. Qc2 {[%clk
1:23:30]} g5 {[%clk 1:28:41]} 12. Bg3 {[%clk 1:20:58]} Nh5 {[%clk 1:28:57]} 13.
Be5 {[%clk 1:16:24]} Bf6 {[%clk 1:28:43]} 14. Bxf6 {[%clk 1:09:57]} Qxf6 {[%clk
1:29:07]} 15. f3 {[%clk 1:00:11]} Ng7 {[%clk 1:12:53]} 16. e4 {[%clk 0:52:12]}
h5 {[%clk 1:07:46]} 17. e5 {[%clk 0:41:47]} Qh6 {[%clk 1:08:03]} 18. b4 {[%clk
0:36:23]} f5 {[%clk 1:05:11]} 19. b5 {[%clk 0:28:04]} h4 {[%clk 1:03:23]} 20.
f4 {[%clk 0:26:38]} g4 {[%clk 0:53:53]} 21. bxc6 {[%clk 0:26:21]} bxc6 {[%clk
0:54:16]} 22. Na4 {[%clk 0:26:21]} Rc8 {[%clk 0:51:40]} 23. Nc5 {[%clk
0:26:44]} Ke7 {[%clk 0:48:15]} 24. Nb7 {[%clk 0:23:28]} Nc4 {[%clk 0:40:31]}
25. Bxc4 {[%clk 0:19:05]} dxc4 {[%clk 0:40:24]} 26. Nd6 {[%clk 0:19:05]} Rc7
{[%clk 0:39:08]} 27. Nxc4 {[%clk 0:18:30]} Bd5 {[%clk 0:39:25]} 28. Nd6 {[%clk
0:16:50]} Qe6 {[%clk 0:31:34]} 29. Nc3 {[%clk 0:15:04]} Kd7 {[%clk 0:26:27]}
30. Na4 {[%clk 0:15:27]} Qg6 {[%clk 0:25:00]} 31. Nc5 {[%clk 0:13:58]} Ke7
{[%clk 0:24:31]} 32. Rab1 {[%clk 0:10:07]} Bxg2 33. Qxg2 {[%clk 0:08:53]} Nh5
{[%clk 0:23:37]} 34. Rb7 {[%clk 0:02:12]} Rxb7 {[%clk 0:23:45]} 35. Ncxb7
{[%clk 0:02:36]} h3 {[%clk 0:22:24]} 36. Qxc6 {[%clk 0:02:20]} Qg8 {[%clk
0:21:45]} 37. Nxf5 {[%clk 0:02:03]} Kf7 {[%clk 0:21:36]} 38. Qd7 1-0

[Event "DVM U16 2022"]
[Site "Darmstadt GER"]
[Date "2022.12.28"]
[Round "3"]
[White "Döding, Alexander"]
[Black "Tietz, Bennit"]
[Result "0-1"]
[Termination "normal"]
[Board "4.3"]
[WhiteElo "1561"]
[BlackElo "1688"]
[WhiteClock "00:29:43"]
[BlackClock "00:02:05"]
[WhiteTeam "Rhedaer Schachverein von 1931 e. V."]
[BlackTeam "Hamburger SK von 1830 eV"]
[PlyCount "82"]
[WhiteFideId "34614940"]
[BlackFideId "16286936"]
[EventCountry "GER"]
[EventRounds "7"]
[EventType "team-swiss"]
[EventDate "2022.12.26"]

1. e4 {[%clk 1:30:56]} e5 {[%clk 1:30:55]} 2. Bc4 {[%clk 1:31:21]} Nc6 {[%clk
1:30:31]} 3. Nf3 {[%clk 1:31:41]} Bc5 {[%clk 1:30:29]} 4. O-O {[%clk 1:31:58]}
Nf6 {[%clk 1:30:36]} 5. d4 {[%clk 1:31:48]} Bxd4 {[%clk 1:30:09]} 6. Nxd4
{[%clk 1:32:03]} Nxd4 {[%clk 1:30:33]} 7. Bg5 {[%clk 1:31:37]} h6 {[%clk
1:26:08]} 8. Bh4 {[%clk 1:31:58]} g5 {[%clk 1:24:40]} 9. f4 {[%clk 1:31:19]} d5
{[%clk 1:05:26]} 10. fxe5 {[%clk 1:19:37]} dxc4 {[%clk 1:03:18]} 11. Bf2 {[%clk
1:19:31]} Nxc2 {[%clk 0:46:33]} 12. Qxc2 {[%clk 1:19:00]} Ng4 {[%clk 0:46:12]}
13. Qc3 {[%clk 1:06:13]} Nxf2 {[%clk 0:37:53]} 14. Rxf2 {[%clk 1:05:21]} Be6
{[%clk 0:36:51]} 15. Nd2 {[%clk 1:03:59]} Qd3 {[%clk 0:28:59]} 16. Qxd3 {[%clk
0:56:44]} cxd3 {[%clk 0:29:19]} 17. Rc1 {[%clk 0:56:46]} O-O-O {[%clk 0:29:08]}
18. Rc3 Rd7 {[%clk 0:28:52]} 19. a3 {[%clk 0:52:50]} Rhd8 {[%clk 0:26:25]} 20.
Rf6 {[%clk 0:51:18]} h5 {[%clk 0:24:09]} 21. Kf2 {[%clk 0:49:07]} Re7 {[%clk
0:21:26]} 22. Rf3 {[%clk 0:45:44]} Red7 {[%clk 0:20:16]} 23. Re3 {[%clk
0:41:28]} b6 {[%clk 0:16:25]} 24. b3 {[%clk 0:39:02]} Kb7 {[%clk 0:15:52]} 25.
h3 {[%clk 0:37:25]} c5 {[%clk 0:13:49]} 26. Ke1 {[%clk 0:35:38]} g4 {[%clk
0:08:34]} 27. h4 {[%clk 0:35:11]} Kc6 {[%clk 0:06:21]} 28. g3 {[%clk 0:34:35]}
b5 {[%clk 0:06:33]} 29. b4 {[%clk 0:33:30]} c4 {[%clk 0:06:24]} 30. Kf2 {[%clk
0:33:18]} Re7 {[%clk 0:06:16]} 31. Ke1 {[%clk 0:32:28]} Bc8 {[%clk 0:05:38]}
32. a4 {[%clk 0:31:40]} a6 {[%clk 0:05:32]} 33. a5 {[%clk 0:31:49]} Rxe5 {[%clk
0:05:48]} 34. Kf2 {[%clk 0:31:24]} f5 {[%clk 0:03:52]} 35. exf5 {[%clk
0:30:27]} Rxe3 {[%clk 0:04:14]} 36. Kxe3 {[%clk 0:30:24]} Re8 {[%clk 0:03:35]}
37. Kf4 {[%clk 0:30:18]} Rf8 {[%clk 0:02:49]} 38. Nb3 {[%clk 0:29:31]} Kd5
{[%clk 0:02:22]} 39. Ke3 {[%clk 0:29:21]} Rxf5 {[%clk 0:02:21]} 40. Nd2 {[%clk
0:29:34]} Re5 {[%clk 0:02:05]} 41. Kf4 {[%clk 0:29:43]} Re2 {[%clk 0:02:05]}
0-1

[Event "DVM U16 2022"]
[Site "Darmstadt GER"]
[Date "2022.12.28"]
[Round "3"]
[White "Malchereck, Zion"]
[Black "Rommel, Kevin"]
[Result "1-0"]
[Termination "normal"]
[Board "4.4"]
[WhiteElo "1726"]
[BlackElo "1408"]
[WhiteClock "00:42:58"]
[BlackClock "00:08:41"]
[WhiteTeam "Hamburger SK von 1830 eV"]
[BlackTeam "Rhedaer Schachverein von 1931 e. V."]
[PlyCount "73"]
[WhiteFideId "16269233"]
[BlackFideId "34640185"]
[EventCountry "GER"]
[EventRounds "7"]
[EventType "team-swiss"]
[EventDate "2022.12.26"]

1. e4 {[%clk 1:30:57]} c6 {[%clk 1:30:54]} 2. d4 {[%clk 1:31:23]} d5 {[%clk
1:31:19]} 3. e5 {[%clk 1:31:51]} Bf5 {[%clk 1:31:37]} 4. h4 {[%clk 1:28:09]} h6
{[%clk 1:30:47]} 5. g4 {[%clk 1:28:30]} Bh7 {[%clk 1:30:17]} 6. Bd3 {[%clk
1:28:45]} Bxd3 {[%clk 1:30:12]} 7. Qxd3 {[%clk 1:29:06]} e6 {[%clk 1:30:03]} 8.
Be3 {[%clk 1:28:12]} Bb4 {[%clk 1:28:02]} 9. c3 {[%clk 1:28:19]} Ba5 {[%clk
1:28:13]} 10. Nd2 {[%clk 1:28:02]} Nd7 {[%clk 1:27:47]} 11. O-O-O {[%clk
1:26:55]} Bb6 {[%clk 1:25:56]} 12. f4 {[%clk 1:25:54]} Rc8 {[%clk 1:24:15]} 13.
f5 {[%clk 1:24:17]} Ne7 {[%clk 1:16:23]} 14. Ngf3 {[%clk 1:18:04]} c5 {[%clk
1:10:28]} 15. Kb1 {[%clk 1:18:06]} c4 {[%clk 0:45:19]} 16. Qc2 {[%clk 1:18:24]}
a5 {[%clk 0:38:47]} 17. Nf1 {[%clk 1:08:56]} Ba7 {[%clk 0:36:58]} 18. Ng3
{[%clk 1:09:13]} g6 {[%clk 0:32:08]} 19. Rdf1 {[%clk 0:48:24]} b5 {[%clk
0:31:25]} 20. h5 {[%clk 0:48:22]} gxf5 {[%clk 0:26:27]} 21. gxf5 {[%clk
0:48:40]} Qb6 {[%clk 0:24:05]} 22. Nh4 {[%clk 0:45:18]} Rb8 {[%clk 0:19:51]}
23. fxe6 {[%clk 0:44:37]} fxe6 {[%clk 0:19:45]} 24. Ng6 {[%clk 0:44:15]} Rg8
{[%clk 0:19:35]} 25. Qf2 {[%clk 0:44:26]} b4 {[%clk 0:13:48]} 26. Qf7 {[%clk
0:44:41]} Kd8 {[%clk 0:14:08]} 27. Qxe7 {[%clk 0:44:57]} Kc7 {[%clk 0:14:11]}
28. Qd6 {[%clk 0:44:19]} Qxd6 {[%clk 0:14:01]} 29. exd6 {[%clk 0:44:38]} Kxd6
{[%clk 0:14:23]} 30. Bf4 {[%clk 0:45:00]} Kc6 {[%clk 0:14:38]} 31. Ne7 {[%clk
0:44:32]} Kb5 {[%clk 0:14:27]} 32. Nxg8 {[%clk 0:43:17]} Rb7 {[%clk 0:13:50]}
33. Ne2 {[%clk 0:42:49]} a4 {[%clk 0:09:10]} 34. cxb4 {[%clk 0:42:41]} Kxb4
{[%clk 0:09:37]} 35. Bd2 {[%clk 0:42:52]} Kb5 {[%clk 0:08:44]} 36. Nxh6 {[%clk
0:42:34]} Ka6 {[%clk 0:08:41]} 37. Rh3 {[%clk 0:42:58]} 1-0

[Event "DVM U16 2022"]
[Site "Darmstadt GER"]
[Date "2022.12.28"]
[Round "3"]
[White "Herter, Arne"]
[Black "Meuer, David"]
[Result "1-0"]
[Termination "normal"]
[Board "5.1"]
[WhiteElo "1973"]
[BlackElo "1949"]
[WhiteClock "00:26:04"]
[BlackClock "00:08:09"]
[WhiteTeam "Schachzwerge Magdeburg"]
[BlackTeam "SV Turm Lahnstein"]
[PlyCount "109"]
[WhiteFideId "16255372"]
[BlackFideId "16262964"]
[EventCountry "GER"]
[EventRounds "7"]
[EventType "team-swiss"]
[EventDate "2022.12.26"]

1. e4 {[%clk 1:30:59]} e6 {[%clk 1:30:54]} 2. d4 {[%clk 1:31:24]} d5 {[%clk
1:31:19]} 3. Nd2 {[%clk 1:31:47]} c5 {[%clk 1:31:44]} 4. exd5 {[%clk 1:32:12]}
Qxd5 {[%clk 1:32:06]} 5. Ngf3 {[%clk 1:32:32]} cxd4 {[%clk 1:32:29]} 6. Bc4
{[%clk 1:32:53]} Qd6 {[%clk 1:32:53]} 7. O-O {[%clk 1:33:09]} Nf6 {[%clk
1:33:18]} 8. Nb3 {[%clk 1:33:21]} Nc6 {[%clk 1:33:43]} 9. Nbxd4 {[%clk
1:33:32]} Nxd4 {[%clk 1:34:08]} 10. Nxd4 {[%clk 1:33:54]} a6 {[%clk 1:34:24]}
11. Re1 {[%clk 1:34:03]} Qc7 {[%clk 1:33:34]} 12. Bf1 {[%clk 1:34:23]} Bd6
{[%clk 1:26:13]} 13. Nf5 {[%clk 1:33:21]} Bxh2 {[%clk 1:26:36]} 14. Kh1 {[%clk
1:33:49]} O-O {[%clk 1:26:55]} 15. Nxg7 {[%clk 1:33:36]} Rd8 {[%clk 1:26:51]}
16. Bd3 {[%clk 1:33:19]} Kxg7 {[%clk 0:52:43]} 17. Qd2 {[%clk 1:33:34]} Bf4
{[%clk 0:46:17]} 18. Qxf4 {[%clk 1:33:35]} Qxf4 {[%clk 0:46:42]} 19. Bxf4
{[%clk 1:33:57]} Nd5 {[%clk 0:43:47]} 20. Bd2 {[%clk 1:29:06]} f6 {[%clk
0:31:50]} 21. Rad1 {[%clk 1:19:26]} e5 {[%clk 0:21:09]} 22. c4 {[%clk 1:09:24]}
Ne7 {[%clk 0:20:23]} 23. Ba5 {[%clk 1:08:44]} Rd4 {[%clk 0:18:39]} 24. Bb6
{[%clk 0:57:27]} Rh4 {[%clk 0:18:14]} 25. Kg1 {[%clk 0:57:55]} Be6 {[%clk
0:12:38]} 26. b3 {[%clk 0:55:48]} Kf7 {[%clk 0:11:55]} 27. f3 {[%clk 0:47:51]}
Rg8 {[%clk 0:10:35]} 28. Be4 {[%clk 0:46:13]} f5 {[%clk 0:10:24]} 29. Bxb7
{[%clk 0:45:38]} Ng6 {[%clk 0:09:27]} 30. Rd8 {[%clk 0:39:34]} Rg7 {[%clk
0:08:53]} 31. Bd5 {[%clk 0:37:56]} Bxd5 {[%clk 0:06:53]} 32. Rxd5 {[%clk
0:37:20]} Ke6 {[%clk 0:05:19]} 33. Bd4 {[%clk 0:32:56]} Rg8 {[%clk 0:02:04]}
34. Bxe5 {[%clk 0:32:48]} Nxe5 {[%clk 0:02:00]} 35. Rexe5 {[%clk 0:32:51]} Kf6
{[%clk 0:02:26]} 36. Rxf5 {[%clk 0:33:14]} Ke7 {[%clk 0:02:51]} 37. Rfe5 {[%clk
0:33:35]} Kf6 {[%clk 0:03:15]} 38. Re4 {[%clk 0:33:58]} Rxe4 {[%clk 0:03:34]}
39. fxe4 {[%clk 0:34:26]} Rg4 {[%clk 0:03:53]} 40. Rd6 {[%clk 0:34:06]} Ke5
{[%clk 0:04:14]} 41. Rxa6 {[%clk 0:34:02]} Kxe4 {[%clk 0:04:36]} 42. c5 {[%clk
0:27:42]} Kd5 {[%clk 0:04:58]} 43. c6 {[%clk 0:27:05]} Rg7 {[%clk 0:05:03]} 44.
b4 {[%clk 0:25:12]} Rf7 {[%clk 0:04:37]} 45. a4 {[%clk 0:24:28]} Re7 {[%clk
0:04:54]} 46. Rb6 {[%clk 0:24:04]} h5 {[%clk 0:05:16]} 47. a5 {[%clk 0:24:25]}
h4 {[%clk 0:05:40]} 48. a6 {[%clk 0:24:37]} h3 {[%clk 0:06:04]} 49. gxh3 {[%clk
0:24:56]} Kd6 {[%clk 0:06:30]} 50. b5 {[%clk 0:25:03]} Rg7 {[%clk 0:06:52]} 51.
Kh2 {[%clk 0:25:02]} Rg8 {[%clk 0:07:17]} 52. a7 {[%clk 0:25:02]} Ra8 {[%clk
0:07:37]} 53. Rb7 {[%clk 0:25:22]} Kc5 {[%clk 0:07:52]} 54. c7 {[%clk 0:25:43]}
Kd6 {[%clk 0:08:09]} 55. Rb8 {[%clk 0:26:04]} 1-0

[Event "DVM U16 2022"]
[Site "Darmstadt GER"]
[Date "2022.12.28"]
[Round "3"]
[White "Mader, Fabian"]
[Black "Udelnov, Valentin"]
[Result "0-1"]
[Termination "normal"]
[Board "5.2"]
[WhiteElo "1819"]
[BlackElo "1953"]
[WhiteClock "00:09:29"]
[BlackClock "00:10:52"]
[WhiteTeam "SV Turm Lahnstein"]
[BlackTeam "Schachzwerge Magdeburg"]
[PlyCount "106"]
[WhiteFideId "16265866"]
[BlackFideId "16265734"]
[EventCountry "GER"]
[EventRounds "7"]
[EventType "team-swiss"]
[EventDate "2022.12.26"]

1. e4 {[%clk 1:30:58]} e5 2. Nf3 Nc6 {[%clk 1:31:13]} 3. Bc4 {[%clk 1:31:43]}
Bc5 {[%clk 1:31:32]} 4. c3 {[%clk 1:32:04]} Nf6 {[%clk 1:31:56]} 5. d3 {[%clk
1:32:28]} a6 {[%clk 1:31:42]} 6. a4 {[%clk 1:32:18]} d6 {[%clk 1:31:50]} 7. O-O
{[%clk 1:32:28]} Ba7 {[%clk 1:31:13]} 8. Nbd2 {[%clk 1:32:23]} h6 {[%clk
1:30:38]} 9. h3 {[%clk 1:31:38]} g5 {[%clk 1:27:54]} 10. Nh2 {[%clk 1:27:44]}
Rg8 {[%clk 1:14:46]} 11. Ng4 {[%clk 1:15:31]} Rg6 {[%clk 0:50:21]} 12. Nb3
{[%clk 1:09:51]} h5 {[%clk 0:43:36]} 13. Nxf6 {[%clk 1:08:46]} Qxf6 {[%clk
0:43:54]} 14. Be3 {[%clk 0:51:03]} g4 {[%clk 0:37:20]} 15. g3 {[%clk 0:49:57]}
h4 {[%clk 0:35:20]} 16. Bxa7 {[%clk 0:49:16]} Nxa7 {[%clk 0:25:37]} 17. d4
{[%clk 0:46:00]} gxh3 {[%clk 0:24:22]} 18. Kh2 {[%clk 0:45:55]} Bd7 {[%clk
0:21:33]} 19. d5 {[%clk 0:39:50]} Ke7 {[%clk 0:19:11]} 20. Qe2 {[%clk 0:35:14]}
Bg4 {[%clk 0:18:10]} 21. Qe3 {[%clk 0:34:21]} Bf3 {[%clk 0:17:22]} 22. Rg1
{[%clk 0:32:40]} Bg2 {[%clk 0:16:20]} 23. Bf1 {[%clk 0:31:59]} Rag8 {[%clk
0:15:17]} 24. Bxg2 {[%clk 0:28:50]} hxg3 {[%clk 0:14:27]} 25. fxg3 {[%clk
0:28:54]} hxg2 {[%clk 0:14:49]} 26. Rxg2 {[%clk 0:28:15]} Rh8 {[%clk 0:15:06]}
27. Kg1 {[%clk 0:28:26]} Rgh6 {[%clk 0:15:31]} 28. Qxh6 {[%clk 0:26:07]} Qxh6
{[%clk 0:15:48]} 29. Kf2 {[%clk 0:25:53]} Qf6 {[%clk 0:16:12]} 30. Ke2 {[%clk
0:25:26]} Qg6 {[%clk 0:16:02]} 31. Nd2 {[%clk 0:25:06]} f5 {[%clk 0:15:38]} 32.
exf5 {[%clk 0:24:51]} Qxf5 {[%clk 0:15:38]} 33. Rf1 {[%clk 0:24:28]} Qg4 {[%clk
0:15:49]} 34. Ke3 {[%clk 0:24:09]} a5 {[%clk 0:11:57]} 35. Ne4 {[%clk 0:22:55]}
Rf8 {[%clk 0:11:22]} 36. Rxf8 {[%clk 0:22:44]} Kxf8 {[%clk 0:11:47]} 37. Rf2
{[%clk 0:22:47]} Ke7 {[%clk 0:11:58]} 38. Rh2 {[%clk 0:19:56]} c6 {[%clk
0:09:35]} 39. Rh7 {[%clk 0:18:37]} Kd8 {[%clk 0:09:45]} 40. Rxb7 {[%clk
0:11:33]} cxd5 {[%clk 0:09:13]} 41. Nxd6 {[%clk 0:10:59]} Qxg3 {[%clk 0:08:33]}
42. Ke2 {[%clk 0:10:33]} Qg2 {[%clk 0:08:19]} 43. Ke3 {[%clk 0:08:39]} Nc6
{[%clk 0:08:16]} 44. Nf7 {[%clk 0:07:56]} Ke8 {[%clk 0:08:33]} 45. Nd6 {[%clk
0:08:09]} Kf8 {[%clk 0:08:57]} 46. Rf7 {[%clk 0:08:20]} Kg8 {[%clk 0:09:23]}
47. Rf2 {[%clk 0:08:31]} d4 {[%clk 0:08:32]} 48. cxd4 {[%clk 0:08:02]} exd4
{[%clk 0:08:55]} 49. Ke2 {[%clk 0:08:26]} d3 {[%clk 0:09:09]} 50. Ke1 {[%clk
0:08:18]} Qg1 {[%clk 0:09:33]} 51. Rf1 {[%clk 0:08:39]} Qe3 {[%clk 0:10:00]}
52. Kd1 {[%clk 0:09:04]} Qe2 {[%clk 0:10:26]} 53. Kc1 {[%clk 0:09:29]} Qc2#
{[%clk 0:10:52]} 0-1

[Event "DVM U16 2022"]
[Site "Darmstadt GER"]
[Date "2022.12.28"]
[Round "3"]
[White "Pohle, Saskia"]
[Black "Lenz, Joshua"]
[Result "1-0"]
[Termination "normal"]
[Board "5.3"]
[WhiteElo "1678"]
[BlackElo "1527"]
[WhiteClock "00:09:07"]
[BlackClock "00:02:01"]
[WhiteTeam "Schachzwerge Magdeburg"]
[BlackTeam "SV Turm Lahnstein"]
[PlyCount "73"]
[WhiteFideId "16201604"]
[BlackFideId "16256956"]
[EventCountry "GER"]
[EventRounds "7"]
[EventType "team-swiss"]
[EventDate "2022.12.26"]

1. e4 {[%clk 1:30:59]} e6 {[%clk 1:30:55]} 2. d4 {[%clk 1:31:24]} d5 {[%clk
1:31:18]} 3. Nd2 {[%clk 1:31:49]} c5 {[%clk 1:31:30]} 4. exd5 {[%clk 1:32:13]}
Qxd5 {[%clk 1:31:51]} 5. Ngf3 {[%clk 1:32:31]} cxd4 {[%clk 1:32:02]} 6. Bc4
{[%clk 1:32:51]} Qd6 {[%clk 1:32:14]} 7. O-O {[%clk 1:33:12]} Nf6 {[%clk
1:32:12]} 8. Nb3 {[%clk 1:33:30]} Nc6 {[%clk 1:32:15]} 9. Nbxd4 {[%clk
1:33:48]} Nxd4 {[%clk 1:32:28]} 10. Nxd4 {[%clk 1:34:11]} a6 {[%clk 1:32:44]}
11. Re1 {[%clk 1:34:22]} Qc7 {[%clk 1:30:21]} 12. Bf1 {[%clk 1:34:37]} Be7
{[%clk 1:18:42]} 13. Qf3 {[%clk 1:30:01]} Bd7 {[%clk 0:58:38]} 14. Bg5 {[%clk
1:13:56]} O-O-O {[%clk 0:40:51]} 15. Re3 {[%clk 1:08:46]} Kb8 {[%clk 0:31:37]}
16. Bf4 {[%clk 1:05:34]} Bd6 {[%clk 0:31:10]} 17. Rc3 {[%clk 0:54:23]} Bxf4
{[%clk 0:25:49]} 18. Rxc7 {[%clk 0:54:46]} Bxc7 {[%clk 0:26:13]} 19. Qb3 {[%clk
0:50:39]} Bc8 {[%clk 0:25:35]} 20. Nc6 {[%clk 0:48:35]} Ka8 {[%clk 0:25:59]}
21. Nxd8 {[%clk 0:48:24]} Rxd8 {[%clk 0:26:20]} 22. Qf3 {[%clk 0:45:14]} Ka7
{[%clk 0:25:02]} 23. c4 {[%clk 0:40:19]} Rd4 {[%clk 0:20:39]} 24. Qe3 {[%clk
0:35:49]} e5 {[%clk 0:20:19]} 25. h3 {[%clk 0:34:19]} Ne4 {[%clk 0:15:07]} 26.
b4 {[%clk 0:31:47]} Kb8 {[%clk 0:11:16]} 27. Bd3 {[%clk 0:25:07]} Nf6 {[%clk
0:10:26]} 28. a4 {[%clk 0:23:29]} h6 {[%clk 0:07:30]} 29. b5 {[%clk 0:22:29]}
Nd7 {[%clk 0:06:32]} 30. bxa6 {[%clk 0:15:44]} bxa6 {[%clk 0:07:00]} 31. Rb1
{[%clk 0:15:22]} Ka7 32. Bf5 {[%clk 0:13:08]} f6 {[%clk 0:06:03]} 33. Qf3
{[%clk 0:12:49]} e4 {[%clk 0:01:59]} 34. Bxe4 {[%clk 0:10:56]} Nc5 {[%clk
0:02:17]} 35. Qe3 {[%clk 0:08:53]} Rxc4 {[%clk 0:02:34]} 36. Bd5 {[%clk
0:08:44]} Bf4 {[%clk 0:02:01]} 37. Qe7 {[%clk 0:09:07]} 1-0

[Event "DVM U16 2022"]
[Site "Darmstadt GER"]
[Date "2022.12.28"]
[Round "3"]
[White "Werling, Lasse"]
[Black "Petzold, Johannes Julius"]
[Result "1-0"]
[Termination "normal"]
[Board "5.4"]
[WhiteElo "1500"]
[BlackElo "1211"]
[WhiteClock "00:01:00"]
[BlackClock "00:03:19"]
[WhiteTeam "SV Turm Lahnstein"]
[BlackTeam "Schachzwerge Magdeburg"]
[PlyCount "79"]
[WhiteFideId "16275080"]
[BlackFideId "16289455"]
[EventCountry "GER"]
[EventRounds "7"]
[EventType "team-swiss"]
[EventDate "2022.12.26"]

1. e4 {[%clk 1:30:57]} c5 {[%clk 1:30:56]} 2. c3 {[%clk 1:31:17]} Nf6 {[%clk
1:31:20]} 3. e5 {[%clk 1:31:09]} Nd5 {[%clk 1:31:37]} 4. d4 {[%clk 1:31:21]}
cxd4 {[%clk 1:32:03]} 5. cxd4 {[%clk 1:31:39]} d6 {[%clk 1:32:04]} 6. f4 {[%clk
1:28:29]} e6 {[%clk 1:28:58]} 7. Nf3 {[%clk 1:27:38]} Nc6 {[%clk 1:27:59]} 8.
Bc4 {[%clk 1:22:23]} Be7 {[%clk 1:20:02]} 9. O-O {[%clk 1:18:59]} O-O {[%clk
1:17:20]} 10. Bxd5 {[%clk 1:15:26]} exd5 {[%clk 1:17:09]} 11. Nc3 {[%clk
1:14:40]} dxe5 {[%clk 1:16:37]} 12. dxe5 {[%clk 1:13:30]} Bc5 {[%clk 1:16:52]}
13. Kh1 {[%clk 1:13:30]} Ne7 {[%clk 1:16:08]} 14. Qb3 {[%clk 1:08:35]} b6
{[%clk 1:07:47]} 15. Rd1 {[%clk 1:04:41]} Bb7 {[%clk 1:03:29]} 16. Ne4 {[%clk
1:00:24]} Qc7 {[%clk 1:00:19]} 17. Nxc5 {[%clk 0:58:29]} bxc5 {[%clk 1:00:34]}
18. Bd2 {[%clk 0:53:45]} Qb6 {[%clk 0:54:42]} 19. Qa3 {[%clk 0:49:23]} Nc6
{[%clk 0:49:25]} 20. Rac1 {[%clk 0:46:14]} Nb4 {[%clk 0:48:38]} 21. Bxb4 {[%clk
0:37:13]} cxb4 {[%clk 0:47:30]} 22. Qb3 {[%clk 0:33:43]} Rfd8 {[%clk 0:46:00]}
23. Nd4 {[%clk 0:26:11]} a5 {[%clk 0:35:09]} 24. a4 {[%clk 0:21:58]} Rac8
{[%clk 0:29:38]} 25. Rxc8 {[%clk 0:17:42]} Rxc8 {[%clk 0:28:49]} 26. Nf5 {[%clk
0:16:10]} Rc4 {[%clk 0:24:30]} 27. Qg3 {[%clk 0:10:14]} g6 {[%clk 0:23:27]} 28.
h4 {[%clk 0:08:47]} Rc2 {[%clk 0:20:08]} 29. Ne7 {[%clk 0:07:10]} Kf8 {[%clk
0:20:29]} 30. Nxd5 {[%clk 0:07:29]} Bxd5 {[%clk 0:20:28]} 31. Rxd5 {[%clk
0:07:49]} h5 {[%clk 0:15:13]} 32. Rd1 {[%clk 0:02:16]} Rxb2 {[%clk 0:14:15]}
33. Qg5 {[%clk 0:01:32]} Kg7 {[%clk 0:11:09]} 34. f5 {[%clk 0:00:37]} Ra2
{[%clk 0:06:40]} 35. e6 {[%clk 0:00:31]} Qa7 {[%clk 0:04:33]} 36. f6 {[%clk
0:00:46]} Kh7 {[%clk 0:04:14]} 37. e7 {[%clk 0:00:55]} Qb8 {[%clk 0:03:13]} 38.
Qd5 {[%clk 0:00:43]} Rf2 {[%clk 0:02:52]} 39. Qxf7 {[%clk 0:01:00]} Kh8 {[%clk
0:03:19]} 40. Qg7# 1-0